Southville International School and Colleges
Your cart is empty.
  • Cart
  • Lists
    Public lists Eva Luna New books Lux_list list_1
    Your lists Log in to create your own lists
  • Log in to your account
  • Your cookies
  • Search history
Southville International School and Colleges
  • Advanced search
  • Recent comments
  • Most popular
  • Libraries

Log in to your account

Log in with GOOGLE


If you do not have an external account, but do have a local account, you can still log in:

  1. Home
  2. MARC view: Experimental Psychology :
Normal view MARC view ISBD view

Experimental Psychology : (Record no. 21803)

[ view plain ]
MARC details
000 -LEADER
fixed length control field 00627nam a2200217 a 4500
005 - DATE AND TIME OF LATEST TRANSACTION
control field 20140310183341.0
008 - FIXED-LENGTH DATA ELEMENTS--GENERAL INFORMATION
fixed length control field 061128s19uu xx 00 eng d
020 ## - INTERNATIONAL STANDARD BOOK NUMBER
International Standard Book Number 9812405178
050 ## - LIBRARY OF CONGRESS CALL NUMBER
Classification number BF 181
Item number .K35 2001
100 ## - MAIN ENTRY--PERSONAL NAME
Personal name Kantowitz, Barry H.
245 ## - TITLE STATEMENT
Title Experimental Psychology :
Remainder of title understanding psychological research /
250 ## - EDITION STATEMENT
Edition statement 7th ed.
260 ## - PUBLICATION, DISTRIBUTION, ETC. (IMPRINT)
Place of publication, distribution, etc Australia :
Name of publisher, distributor, etc Wadsworth Thomson Learning,
Date of publication, distribution, etc 2001.
300 ## - PHYSICAL DESCRIPTION
Extent 597 p. :
Other physical details ill. ;
Dimensions 24 cm.
521 ## - TARGET AUDIENCE NOTE
Target audience note
650 ## - SUBJECT ADDED ENTRY--TOPICAL TERM
Topical term or geographic name as entry element Psychology, experimental.
700 ## - ADDED ENTRY--PERSONAL NAME
Personal name Roediger, Henry L.
700 ## - ADDED ENTRY--PERSONAL NAME
Personal name Elmes, David G.
942 ## - ADDED ENTRY ELEMENTS (KOHA)
Koha item type Books
Source of classification or shelving scheme Library of Congress Classification
Call number prefix Foreign
Holdings
Withdrawn status Lost status Source of classification or shelving scheme Damaged status Home library Current library Shelving location Date acquired Source of acquisition Cost, normal purchase price Total Checkouts Total Renewals Full call number Barcode Date last seen Date checked out Copy number Price effective from Koha item type
    Library of Congress Classification   College Library College Library General Circulation Section 11/28/2006   630.00 1 12 BF 181 .K35 2001 C7952 05/15/2018 06/28/2016 1 10/10/2013 Books

Experimental Psychology :

APA

Kantowitz B. H., Roediger H. L. & Elmes D. G. (2001). Experimental Psychology. Australia: Wadsworth Thomson Learning.

Chicago

Kantowitz Barry H, Roediger Henry L and Elmes David G. 2001. Experimental Psychology. Australia: Wadsworth Thomson Learning.

Harvard

Kantowitz B. H., Roediger H. L. and Elmes D. G. (2001). Experimental Psychology. Australia: Wadsworth Thomson Learning.

MLA

Kantowitz Barry H, Roediger Henry L and Elmes David G. Experimental Psychology. Australia: Wadsworth Thomson Learning. 2001.

  • Place hold
  • Print
  • Cite
  • Add to your cart (remove)
  • Save record
    BIBTEX Dublin Core MARCXML MARC (non-Unicode/MARC-8) MARC (Unicode/UTF-8) MARC (Unicode/UTF-8, Standard) MODS (XML) RIS
  • More searches
    Search for this title in:
    Other Libraries (WorldCat) Other Databases (Google Scholar) Online Stores (Bookfinder.com) Open Library (openlibrary.org)

Exporting to Dublin Core...

SOUTHVILLE LIBRARY

Southville International School and Colleges Library

1281 Tropical Ave. Cor. Luxembourg St., BF Homes International, Las Pinas City

Tel. No. 8256374 / 252358 Loc. 117/146

Powered by Koha